| 000 | 00419nam a2200181Ia 4500 | ||
|---|---|---|---|
| 001 | 13376 | ||
| 005 | 20260306164756.0 | ||
| 008 | 260306t1973||||xx |||||||||||||| ||spa|| | ||
| 041 | _aESP | ||
| 082 |
_a002 _bL59 |
||
| 100 |
_aSalvat, Manuel _eAUT |
||
| 245 | 0 | _aEl libro, ayer, hoy y mañana | |
| 260 | _c1973 | ||
| 300 |
_a142 páginas : _c20 cm. |
||
| 650 | _aGEN | ||
| 654 | _aCHU | ||
| 942 |
_cLIB _dJUS _fJUS _2ddc _n |
||
| 999 |
_c13376 _d13376 |
||